| 000 | 00570nam a22001937a 4500 | ||
|---|---|---|---|
| 003 | CEME | ||
| 005 | 20210628202655.0 | ||
| 008 | 201229b xxu||||| |||| 00| 0 eng d | ||
| 020 | _a9781935589679 | ||
| 040 | _cceme | ||
| 082 | _a658.404 PMI | ||
| 100 |
_aProject Management Institute _913254 |
||
| 245 | _aA guide to the project management body of knowledge ,(pmbok guide) | ||
| 250 | _a5TH | ||
| 260 |
_aUSA _bPMI PUBLICATION _c2013 |
||
| 300 | _aXXI, 585P | ||
| 650 |
_aA GUIDE TO THE PROJECT MANAGEMENT BODY OF KNOWLEDGE.PMBOK GUIDE _961022 |
||
| 942 |
_cBK _2ddc |
||
| 999 |
_c570595 _d570595 |
||